Biggest Cities in Canada - Extreme - Statistics

General Stats
  • This quiz has been taken 44 times
  • The average score is 45 of 100
Answer Stats
Rank City Province Population % Correct
5 Edmonton Alberta 1,010,899
100%
2 Montreal Quebec 1,762,949
100%
1 Toronto Ontario 2,794,356
100%
3 Calgary Alberta 1,306,784
97%
4 Ottawa Ontario 1,017,449
97%
8 Vancouver British Columbia 662,248
97%
12 Quebec City Quebec 549,459
92%
6 Winnipeg Manitoba 749,607
92%
24 Regina Saskatchewan 226,404
87%
19 Saskatoon Saskatchewan 266,141
87%
10 Hamilton Ontario 569,353
82%
13 Halifax Nova Scotia 439,819
79%
15 London Ontario 422,324
79%
39 Trois-Rivières Quebec 139,163
79%
66 Victoria British Columbia 91,867
79%
20 Kitchener Ontario 256,885
76%
7 Mississauga Ontario 717,961
76%
23 Windsor Ontario 229,660
76%
84 Saint John New Brunswick 69,895
74%
50 St. John's Newfoundland and Labrador 110,525
74%
9 Brampton Ontario 656,480
71%
31 Greater Sudbury Ontario 166,004
71%
14 Laval Quebec 438,366
71%
63 Niagara Falls Ontario 94,415
71%
11 Surrey British Columbia 568,322
71%
51 Thunder Bay Ontario 108,843
71%
37 Kelowna British Columbia 144,576
68%
57 Nanaimo British Columbia 99,863
68%
29 Oshawa Ontario 175,383
68%
32 Abbotsford British Columbia 153,524
66%
45 Kingston Ontario 132,485
66%
74 Moncton New Brunswick 79,470
66%
16 Markham Ontario 338,503
63%
22 Burnaby British Columbia 249,125
61%
18 Gatineau Quebec 291,041
61%
90 Fredericton New Brunswick 63,116
58%
61 Kamloops British Columbia 97,902
58%
17 Vaughan Ontario 323,103
58%
89 Medicine Hat Alberta 63,271
55%
26 Richmond British Columbia 209,937
55%
30 Sherbrooke Quebec 172,950
55%
56 Red Deer Alberta 100,844
53%
78 Prince George British Columbia 76,708
50%
47 Waterloo Ontario 121,436
50%
35 Barrie Ontario 147,829
47%
38 Guelph Ontario 143,740
47%
36 Saguenay Quebec 144,723
47%
21 Longueuil Quebec 254,483
45%
83 Sarnia Ontario 72,047
42%
82 Sault Ste. Marie Ontario 72,051
42%
42 St. Catharines Ontario 136,803
42%
60 Lethbridge Alberta 98,406
39%
33 Lévis Quebec 149,683
39%
41 Cambridge Ontario 138,479
37%
34 Coquitlam British Columbia 148,625
37%
46 Ajax Ontario 126,666
34%
28 Burlington Ontario 186,948
34%
44 Langley British Columbia 132,603
34%
27 Richmond Hill Ontario 202,022
34%
72 Peterborough Ontario 83,651
32%
53 Brantford Ontario 104,688
29%
100 North Bay Ontario 52,662
29%
69 North Vancouver British Columbia 88,168
29%
96 North Vancouver British Columbia 58,120
29%
25 Oakville Ontario 213,759
29%
80 Airdrie Alberta 74,100
26%
75 Drummondville Quebec 79,258
26%
99 Belleville Ontario 55,071
24%
54 Chatham-Kent Ontario 103,988
24%
59 Pickering Ontario 99,186
24%
52 Delta British Columbia 108,455
21%
88 Grande Prairie Alberta 64,141
21%
77 New Westminster British Columbia 78,916
21%
49 Saanich British Columbia 117,735
21%
40 Whitby Ontario 138,501
21%
65 Chilliwack British Columbia 93,203
18%
70 Newmarket Ontario 87,942
18%
62 Saint-Jean-sur-Richelieu Quebec 97,873
18%
73 Saint-Jérôme Quebec 80,213
18%
98 Welland Ontario 55,750
18%
67 Brossard Quebec 91,525
16%
85 Granby Quebec 69,025
16%
86 St. Albert Alberta 68,232
16%
48 Terrebonne Quebec 119,944
16%
92 Aurora Ontario 62,057
13%
64 Cape Breton Nova Scotia 93,694
13%
43 Milton Ontario 132,979
13%
93 Port Coquitlam British Columbia 61,498
13%
79 Caledon Ontario 76,581
11%
55 Clarington Ontario 101,427
11%
68 Maple Ridge British Columbia 90,990
11%
94 Mirabel Quebec 61,108
11%
71 Repentigny Quebec 86,100
11%
97 Saint-Hyacinthe Quebec 57,239
11%
91 Halton Hills Ontario 62,951
8%
76 Kawartha Lakes Ontario 79,247
8%
95 Blainville Quebec 59,819
5%
81 Wood Buffalo Alberta 72,326
5%
87 Norfolk County Ontario 67,490
3%
58 Strathcona County Alberta 99,225
3%
No matching quizzes found
Score Distribution
Percent of People with Each Score
Percentile by Number Answered
Your Score History
You have not taken this quiz